00961nam a2200229Ia 4500003000400000005001700004008004100021020001500062040001800077041000800095082002300103245012600126250001200252260005400264300002800318650008800346650004700434700003000481942003600511999001900547952016500566OSt20250310141847.0210716s2006 xx 000 0 und d a8181478843 cAIMIT LIBRARY aeng a658.4062 21bRAOM aKnowledge management tools and techniques: bpractitioners and experts evaluate km solutions /cEdited by Madanmohan Rao. a1st ed. aNew Delhi :bReed Elsevier India Pvt Ltd ;c2006. axii,438p. ;bPBc22 cm. aBuilding and sustaining communities of practice at ericsson research canada9205383 aCreativity the knowledge connector9205384 aRao, Madanmohan .9205385 2ddccBKe1st ed.k658.4062 RAOM c202114d202114 00102ddc40708MBAaAIMITbAIMITd2008-01-09g350.00iBill no:542; Bill dt:2007-12-18l0o658.4062 RAOMpMBA04680r2025-07-21 00:00:00v280.00w2021-07-16yBK